HISTORY OF THE PRIMATES AN INTRODUCTION TO THE STUDY OF FOSSIL MAN / (Record no. 10797)
[ view plain ]
| 000 -الفاتح | |
|---|---|
| حقل البيانات ثابتة الطول | 00513nam a2200193Ia 4500 |
| 008 - عناصر البيانات ثابتة الطول - معلومات عامة | |
| حقل البيانات ثابتة الطول | 140319s9999 xx 000 0 eng d |
| 040 ## - مصدر الفهرسة | |
| وكالة الفهرسة الأصلية | GCL / |
| وكالة النسخ | GCL |
| 082 04 - رقم تصنيف ديوى العشرى | |
| رقم التصنيف | 305.2 |
| رقم المادة | W H |
| 100 1# - المدخل الرئيسى - إسم شخصى | |
| الإسم الشخصى | CLARK J. R. |
| 245 10 - بيان العنوان | |
| العنوان | HISTORY OF THE PRIMATES AN INTRODUCTION TO THE STUDY OF FOSSIL MAN / |
| بيان المسئوليه,etc | CLARK J. R. |
| 700 1# - المدخل الاضافى - اسم شخصى | |
| الإسم الشخصى | WILERID LE GROS |
| 260 ## - PUBLICATION, DISTRIBUTION, ETC. (IMPRINT) | |
| تاريخ النشر أو التوزيع | 1960 |
| 300 ## - الوصف المادى | |
| التعداد | 119 P |
| 650 04 - المدخل الاضافى بالموضوع-مصطلح موضوعى | |
| مصطلح موضوعي | ANIMAL |
| 650 04 - المدخل الاضافى بالموضوع-مصطلح موضوعى | |
| مصطلح موضوعي | ANIMALS |
| 650 04 - المدخل الاضافى بالموضوع-مصطلح موضوعى | |
| مصطلح موضوعي | NATURAL HISTORY |
| 942 ## - عناصر المدخل الإضافي( كوها) | |
| مصدر التصنيف او مخطط الترفيف | Dewey Decimal Classification |
| Koha [default] item type | كتاب |
| 260 ## - PUBLICATION, DISTRIBUTION, ETC. (IMPRINT) | |
| -- | [S.N] : |
| -- | TREASURE PREN ، |
| حالة التراجع | حالة الفقد | حالة تلف | ليس للاعارة | المكان المؤقت | الموقع الحالى | تاريخ الاكتساب | اجمالي اﻻعارات | رقم الطلب | الباركود | تاريخ اخر مشاهدة | تاريخ تفعيل السعر | نوع وعاء كوها |
|---|---|---|---|---|---|---|---|---|---|---|---|---|
| مكتبة القاهرة الكبرى | مكتبة القاهرة الكبرى | 03/26/2014 | 305.2\W H | 21700 | 03/26/2014 | 03/26/2014 | كتاب |

